| 000 | 00587nam a2200169 a 4500 | ||
|---|---|---|---|
| 001 | 3335 | ||
| 003 | CDMR | ||
| 005 | 20130320112244.0 | ||
| 008 | 130130s1996||||||||||||||||||||||||||||d | ||
| 020 | _a8488645856 | ||
| 040 |
_aCDMR _bcat _cCPC LLEIDA |
||
| 245 | 0 | 0 |
_aReflexions entorn de l'economia catalana _cDepartament d'Economia i Empresa de la Universitat de Lleida, Esteve Oroval i Planas, editor ; [autors:] Joan Cals i Güells... [et al.] |
| 260 |
_aLleida _c1996 _bUniversitat de Lleida |
||
| 490 | 0 |
_aEconomia i empresa _v3 |
|
| 700 | 1 |
_9959 _aOroval Planas, Esteve |
|
| 942 |
_cMON _2udc |
||
| 999 |
_c3335 _d3335 |
||